Pays vainqueurs de la CAN - Statistiques

Statistiques générales
  • Ce quiz a été pris 593 fois
  • Le résultat moyen est 29 sur 34
Statistiques - réponses
Date Vainqueur % Correct
1990 Algérie
98%
2019 Algérie
98%
1992 Côte d'Ivoire
98%
2015 Côte d'Ivoire
98%
2023 Côte d'Ivoire
98%
1976 Maroc
98%
1957 Egypte
97%
1959 Egypte
97%
1986 Egypte
97%
1998 Egypte
97%
2006 Egypte
97%
2008 Egypte
97%
2010 Egypte
97%
2021 Sénégal
96%
1984 Cameroun
91%
1988 Cameroun
91%
2000 Cameroun
91%
2002 Cameroun
91%
2017 Cameroun
91%
2004 Tunisie
91%
1996 Afrique du sud
89%
1980 Nigeria
86%
1994 Nigeria
86%
2013 Nigeria
86%
1968 Congo
85%
1972 Congo
85%
1963 Ghana
74%
1965 Ghana
74%
1978 Ghana
74%
1982 Ghana
74%
2012 Zambie
69%
1962 Ethiopie
57%
1970 Soudan
55%
1974 Zaïre
25%
Aucun quiz correspondant
Distribution des résultats
% des personnes avec chaque résultat
Percentile par nombre de réponses
Votre historique - résultats
Vous n’avez pas pris ce quiz